Statistics for Top 10 NFL Players ever to unretire

Click here to take the quiz!

General Stats

  • This quiz has been taken 23 times
  • The average score is 5 of 10

Answer Stats

Pos.Player% Correct
QBTom Brady
87%
TERob Gronkowski
74%
QBBrett Favre
70%
WRRandy Moss
57%
CBDeion Sanders
52%
WRTerrell Owens
52%
EDGEReggie White
48%
TEJason Witten
30%
RBMarshawn Lynch
13%
EDGECharles Haley
4%

Score Distribution

Percentile by Number Answered

Percent of People with Each Score

Your Score History

You have not taken this quiz